000 01071nam a2200313Ia 4500
003 OSt
005 20221006155909.0
006 a|||||r|||| 00| 0
007 ta
008 221006b |||||||| |||| 00| 0 eng d
020 _a9780674035690
_c¥5033
024 _a43,777
037 _bGift, Japan Foundation
_cTextual
040 _aEASL
_cEASL
_beng
041 _2eng
_aeng
082 _aX:9.42.N6, P9
100 _aGertels Christopher
_9670876
245 0 _aGender struggles
_b Wage - earning women and male - dominated unions in postwar Japan
260 _aCambridge
_bHarvard University Asia Center
_c2009
300 _a226p.
_ccm.
490 _v JEL
650 _a JEL
650 _a Labor disputes - Japan - History
_9670877
650 _a Sex discrimination against women - Japan - History
_9670878
650 _a Women labor union members - Japan - History
_9670879
650 _aLabor movement - Japan - History
_9668422
942 _hX:9.42.N6, P9
_cTEXL
_2CC
999 _c1111869
_d1111869